01467nam a2200361 u 450000500170000000800410001702000170005804000270007504100080010204400070011008200160011724501260013326000600025930000740031950400420039365000160043565000260045165000320047765000160050965000120052565000100053765000290054765000240057665000380060066200210063866200110065971000720067071000880074271000730083094200150090399900170091895201700093520200104041742.0160504b2013 cr d r|||| 00| 0 spa d a978925308259 aCO-BoIAVH cCO-BoIAVH 0 aspa acr04a338.1bP46a00aPerspectivas de la agricultura y del desarrollo rural en las Américas : buna mirada hacia América Latina y el Caribe aSan José (Costa Rica) :bCEPAL :bFAO :bIICA,c2013. a230 páginas :bgráficas y tablas a color ;c28 x 22 centímetros aIncluye referencias bibliográficas.16aAgricultura26aDesarrollo agrícola26aAnálisis macroeconómico26aGanadería26aBosques26aPesca26aDesarrollo institucional24aTenencia de tierras24aExplotación agrícola familiar aAmérica Latina aCaribe2 aComisión Económica para América Latina y el Caribe - Cepal - 2 aOrganización de las Naciones Unidas para la Alimentación y la Agricultura (FAO)2 aInstituto Interamericano de Cooperación para la Agricultura (IICA) 2ddccLIBRO c18466d18466 00102ddc40708GENERALIINV2017aBogotabBogotad2016-05-04eInstitutog39000.00l0oLB-338.1 P46ap040104r2016-05-04 00:00:00tEj. 1w2016-05-04xDonacionyLIBRO